河北省市辖区 - Statistics

General Stats
  • This quiz has been taken 24 times
  • The average score is 37 of 49
Answers on the Map
Answers color-coded by a green-red scale on the quiz's map according to % correct below.
 
Answer Stats
Answer % Correct
山海关区
100%
桥西区
92%
新华区
92%
井陉矿区
92%
藁城区
92%
路南区
92%
路北区
92%
丰润区
92%
曹妃甸区
92%
海港区
92%
北戴河区
92%
桥东区
92%
桥西区
92%
下花园区
92%
鹰手营子矿区
92%
新华区
92%
安次区
92%
广阳区
92%
开平区
83%
丰南区
83%
邯山区
83%
峰峰矿区
83%
莲池区
83%
崇礼区
83%
双桥区
83%
长安区
75%
裕华区
75%
鹿泉区
75%
竞秀区
75%
双滦区
75%
桃城区
75%
古冶区
67%
丛台区
67%
满城区
67%
清苑区
67%
宣化区
67%
万全区
67%
运河区
67%
栾城区
58%
抚宁区
58%
徐水区
58%
冀州区
58%
襄都区
50%
信都区
50%
复兴区
42%
肥乡区
42%
永年区
33%
任泽区
33%
南和区
33%
No matching quizzes found
Score Distribution
Percent of People with Each Score
Percentile by Number Answered
Your Score History
You have not taken this quiz